000 00564nam a22001932 4500
001 0000020436
005 20151217152214.0
008 110916s xx 000 0 eng d
020 _a0853698630 :
040 _aKABU
_cKABU
245 1 0 _aMedicines, ethics & practice :
_ba guide for pharmacists & pharmacy technicians /
_c2009.
250 _a33rd ed.
260 _aGreat Britain :
_bRPS,
_c2009.
300 _a160 p.
650 0 _aMedical ethics.
_@0000178497
852 1 _9p4490 KES
908 _a110916
950 _@1
999 _c9330
_d9330